00332nam a2200133Ia 4500003000400000005001700004008004000021040000700061041000800068082001200076100001700088245005000105260004300155OSt20230313094740.0210210b1929 xxu||||| |||| 00| 0 eng d cAL aeng a335/113 aGADGIL (D R) aIndustrial evolution of India in recent times aMadrasbOxford University Pressc1929